[Event "DOM-ch"]
[Site "Santo Domingo"]
[Date "2016.04.02"]
[Round "2"]
[White "Batlle Ysa, Rafael Jorge"]
[Black "Belliard Alonzo, Luis Manuel"]
[Result "0-1"]
[WhiteElo "1889"]
[BlackElo "2162"]
[PlyCount "68"]
[EventDate "2016.04.01"]
[EventType "swiss"]
[EventRounds "11"]
[EventCountry "DOM"]
[SourceTitle "CBM 171 Extra"]
[Source "ChessBase"]
[SourceDate "2016.04.26"]
[SourceVersion "1"]
[SourceVersionDate "2016.04.26"]
[SourceQuality "1"]

1. d4 e6 2. Nf3 f5 3. Bg5 Nf6 4. e3 Be7 5. Bd3 b6 6. 0-0 Bb7 7. c4 Ne4 8. Bxe7 Qxe7 9. Nc3 Nxc3 10. bxc3 d6 11. Qe2 0-0 12. e4 f4 13. Rfe1 e5 14. a4 Nc6 15. d5 Na5 16. Nd2 Rf6 17. f3 Bc8 18. Qf2 Bd7 19. Reb1 Nb7 20. Nb3 a5 21. Ra2 g5 22. h3 h5 23. Kf1 g4 24. hxg4 hxg4 25. Ke2 Rh6 26. Raa1 Kf7 27. Rh1 Rah8 28. Rxh6 Rxh6 29. Qg1 Qh4 30. Nd2 Nc5 31. Bc2 g3 32. Qd1 Qd8 33. Qg1 Qh8 34. Qf1 Rh2 0-1

[Event "DOM-ch"]
[Site "Santo Domingo"]
[Date "2015.05.02"]
[Round "2"]
[White "Belliard Alonzo, Luis Manuel"]
[Black "Dominguez, Jose Manuel"]
[Result "1-0"]
[WhiteElo "2126"]
[BlackElo "2291"]
[PlyCount "75"]
[EventDate "2015.05.01"]
[EventType "swiss"]
[EventRounds "11"]
[EventCountry "DOM"]
[SourceTitle "CBM 166 Extra"]
[Source "ChessBase"]
[SourceDate "2015.06.18"]
[SourceVersion "1"]
[SourceVersionDate "2015.06.18"]
[SourceQuality "1"]

1. d4 b5 2. c3 Bb7 3. a4 bxa4 4. Qxa4 e6 5. Nf3 Nf6 6. Bg5 Be7 7. Bxf6 gxf6 8. Nbd2 0-0 9. e4 Kh8 10. Qb5 Qc8 11. Qh5 Qe8 12. Bd3 Rg8 13. g4 Rg7 14. h4 d5 15. g5 Nd7 16. Rg1 dxe4 17. Bxe4 Bxe4 18. Nxe4 f5 19. Ned2 c5 20. Nc4 cxd4 21. cxd4 Qb8 22. Nfd2 Qh2 23. Ke2 Qc7 24. Rgc1 Qb8 25. Qf3 f6 26. Qc6 Nf8 27. Nb6 fxg5 28. Qxa8 Qxb6 29. Rxa7 Kg8 30. Rc8 Qb4 31. Kd1 gxh4 32. Qc6 Rg1+ 33. Ke2 Rg6 34. Rb7 Qd6 35. Qe8 Qa6+ 36. Qb5 Qd6 37. Nc4 Qxd4 38. Rxe7 1-0

[Event "DOM-ch"]
[Site "Santo Domingo"]
[Date "2015.05.01"]
[Round "1"]
[White "Brito Rondon, Enmanuel De Jesus"]
[Black "Belliard Alonzo, Luis Manuel"]
[Result "0-1"]
[WhiteElo "1962"]
[BlackElo "2126"]
[PlyCount "68"]
[EventDate "2015.05.01"]
[EventType "swiss"]
[EventRounds "11"]
[EventCountry "DOM"]
[SourceTitle "CBM 166 Extra"]
[Source "ChessBase"]
[SourceDate "2015.06.18"]
[SourceVersion "1"]
[SourceVersionDate "2015.06.18"]
[SourceQuality "1"]

1. c4 e5 2. Nc3 Nc6 3. Nf3 g6 4. d4 exd4 5. Nxd4 Bg7 6. Be3 Nf6 7. f3 0-0 8. Bf2 d5 9. Nxc6 bxc6 10. Qd2 Be6 11. 0-0-0 Qe7 12. c5 Rfd8 13. Bd4 Rab8 14. e3 Nd7 15. h4 Ne5 16. h5 f5 17. hxg6 hxg6 18. Bd3 Rb4 19. b3 Rdb8 20. Bc2 f4 21. a3 Rxb3 22. Bxb3 Rxb3 23. Qa2 Rb8 24. Qc2 Qg5 25. Ne2 Bf5 26. e4 dxe4 27. fxe4 Be6 28. Qd2 Qxg2 29. Rhg1 Qxe4 30. Nc3 Qf5 31. Bxe5 Bxe5 32. Rgf1 Bxc3 33. Qxc3 Qb1+ 34. Kd2 Rb2+ 0-1

[Event "Santo Domingo AES Cup 2nd"]
[Site "Santo Domingo"]
[Date "2012.12.06"]
[Round "8"]
[White "Nagimullin, Timur"]
[Black "Belliard Alonzo, Luis Manuel"]
[Result "0-1"]
[WhiteElo "2206"]
[BlackElo "2172"]
[PlyCount "120"]
[EventDate "2012.12.01"]
[EventType "swiss"]
[EventRounds "9"]
[EventCountry "DOM"]
[SourceTitle "CBM 151 Extra"]
[Source "ChessBase"]
[SourceDate "2012.12.18"]
[SourceVersion "1"]
[SourceVersionDate "2012.12.18"]
[SourceQuality "1"]

1. d4 d5 2. c4 e6 3. Nc3 Nf6 4. e3 c5 5. Nf3 Nc6 6. Bd3 dxc4 7. Bxc4 a6 8. a4 Be7 9. 0-0 0-0 10. d5 exd5 11. Nxd5 Nxd5 12. Bxd5 Qc7 13. e4 Bg4 14. Qb3 Rab8 15. Bxc6 Qxc6 16. Bf4 Bd6 17. Ne5 Qxe4 18. Qg3 Be6 19. Rfe1 Qf5 20. Bh6 Bxe5 21. Rxe5 Qg6 22. Bf4 Qxg3 23. hxg3 Rbc8 24. Be3 c4 25. a5 Rfd8 26. Rc5 Rxc5 27. Bxc5 Rd5 28. Bb4 f6 29. Bc3 Kf7 30. f3 h5 31. Kf2 Bd7 32. Rh1 g6 33. Rh4 Bb5 34. Re4 f5 35. Re1 Bc6 36. Rh1 Rd3 37. Rh4 Bd5 38. Rh2 Rd1 39. Ke3 Rc1 40. Kd4 Bc6 41. Kxc4 Bb5+ 42. Kc5 Rc2 43. Kb6 Bc6 44. Ka7 Ke6 45. Kb6 Bxf3 46. gxf3 Rxh2 47. Kxb7 f4 48. Kxa6 fxg3 49. Kb7 g2 50. Bd4 Rh4 51. Bg1 Rb4+ 52. Kc6 Rxb2 53. a6 Ra2 54. a7 g5 55. Kb7 Kf5 56. Bh2 g1Q 57. Bxg1 Kf4 58. Bf2 Kxf3 59. Be1 h4 60. Kb6 Rxa7 0-1

[Event "Santo Domingo AES Cup 2nd"]
[Site "Santo Domingo"]
[Date "2012.12.03"]
[Round "4"]
[White "Alvarez, Franklin"]
[Black "Belliard Alonzo, Luis Manuel"]
[Result "1/2-1/2"]
[WhiteElo "2102"]
[BlackElo "2172"]
[PlyCount "60"]
[EventDate "2012.12.01"]
[EventType "swiss"]
[EventRounds "9"]
[EventCountry "DOM"]
[SourceTitle "CBM 151 Extra"]
[Source "ChessBase"]
[SourceDate "2012.12.18"]
[SourceVersion "1"]
[SourceVersionDate "2012.12.18"]
[SourceQuality "1"]

1. e4 c6 2. d4 d5 3. exd5 cxd5 4. Nc3 Nf6 5. Bg5 e6 6. Nf3 Be7 7. Bd3 Nbd7 8. 0-0 h6 9. Bh4 0-0 10. Re1 a6 11. a3 b5 12. h3 Bb7 13. Ne5 Re8 14. Nxd7 Nxd7 15. Bxe7 Qxe7 16. Re3 Nf6 17. Rg3 Kf8 18. Qe2 Qd6 19. Qe5 Rad8 20. Re1 Qxe5 21. Rxe5 Bc6 22. Re1 Rb8 23. Na2 a5 24. c3 Rec8 25. f4 Ne4 26. Rge3 f5 27. Nc1 Bd7 28. Bb1 Bc6 29. Nd3 Bd7 30. Ne5 Be8 1/2-1/2

[Event "Santo Domingo AES Cup 2nd"]
[Site "Santo Domingo"]
[Date "2012.12.02"]
[Round "2"]
[White "Del Rosario Moreno, Carlos"]
[Black "Belliard Alonzo, Luis Manuel"]
[Result "1/2-1/2"]
[WhiteElo "2035"]
[BlackElo "2172"]
[PlyCount "113"]
[EventDate "2012.12.01"]
[EventType "swiss"]
[EventRounds "9"]
[EventCountry "DOM"]
[SourceTitle "CBM 151 Extra"]
[Source "ChessBase"]
[SourceDate "2012.12.18"]
[SourceVersion "1"]
[SourceVersionDate "2012.12.18"]
[SourceQuality "1"]

1. d4 g6 2. Nf3 Bg7 3. Nc3 d5 4. Bf4 c6 5. h3 Nf6 6. Qd2 h6 7. g4 Nbd7 8. Ne5 Nf8 9. Bg2 Ne6 10. Bg3 h5 11. 0-0-0 Ng5 12. f3 Ngh7 13. Na4 Nf8 14. Qc3 Ne6 15. Kb1 Bd7 16. f4 b5 17. Nc5 Nxc5 18. Qxc5 Qb6 19. Qc3 e6 20. f5 gxf5 21. gxf5 Rc8 22. fxe6 Bxe6 23. Nd3 Nd7 24. Nf4 Qb7 25. Qd3 Nf6 26. Nxe6 fxe6 27. Be5 Rh6 28. Rdf1 Qf7 29. Rhg1 Bf8 30. Bf3 Be7 31. Qe3 Rh7 32. Qf4 Kd7 33. Qd2 Bd8 34. Qd3 Rh6 35. e4 Be7 36. exd5 exd5 37. Be2 Rg8 38. Rxg8 Qxg8 39. Qe3 Rg6 40. Bd3 Ne4 41. Bxe4 dxe4 42. Qxe4 Rg1 43. Qf5+ Kd8 44. a3 Qg6 45. Qf4 Rg2 46. Rf2 Rxf2 47. Qxf2 Qe4 48. Qg1 Kd7 49. Qd1 h4 50. Qf1 a6 51. Qd1 a5 52. Ka2 a4 53. c4 bxc4 54. Qxa4 Qd3 55. Qa7+ Ke6 56. Qb7 Kf7 57. Qxc6 1/2-1/2

[Event "Istanbul op-A 11th"]
[Site "Istanbul"]
[Date "2012.09.04"]
[Round "5"]
[White "Othman, Rabeea"]
[Black "Belliard Alonzo, Luis Manuel"]
[Result "0-1"]
[WhiteElo "2010"]
[BlackElo "2156"]
[PlyCount "102"]
[EventDate "2012.08.30"]
[EventType "swiss"]
[EventRounds "9"]
[EventCountry "TUR"]
[SourceTitle "CBM 150 Extra"]
[Source "ChessBase"]
[SourceDate "2012.10.19"]
[SourceVersion "1"]
[SourceVersionDate "2012.10.19"]
[SourceQuality "1"]

1. d4 Nf6 2. Nc3 d5 3. Bg5 Nbd7 4. Nf3 e6 5. e4 h6 6. Bxf6 Nxf6 7. e5 Nd7 8. a3 c5 9. Bb5 Qb6 10. 0-0 a6 11. Bxd7+ Bxd7 12. Rb1 cxd4 13. Qxd4 Qxd4 14. Nxd4 Rc8 15. Rfd1 g5 16. Rd3 Bg7 17. Re3 Rc4 18. Nce2 0-0 19. c3 Re8 20. f4 f6 21. exf6 Bxf6 22. fxg5 hxg5 23. Rf1 Bd8 24. Rg3 e5 25. Nf5 Rf8 26. Nh6+ Kg7 27. Rxf8 Kxf8 28. Rf3+ Ke8 29. h3 Re4 30. Ng3 Re1+ 31. Kh2 e4 32. Rf1 Re3 33. Nh5 Re2 34. Rf7 Bc7+ 35. Kg1 Bb6+ 36. Kh2 Bc6 37. Ng7+ Kd8 38. Ne6+ Kc8 39. Rf8+ Kd7 40. Nxg5 d4 41. Rf7+ Kc8 42. Rf8+ Kc7 43. cxd4 e3 44. Ne6+ Kd7 45. Nf4 Rf2 46. Rf7+ Ke8 47. Rf5 Rxf4 48. Re5+ Kf8 49. Rxe3 Rxd4 50. Re2 Bc7+ 51. Kg1 Bg3 0-1

[Event "Istanbul op-A 11th"]
[Site "Istanbul"]
[Date "2012.09.01"]
[Round "3"]
[White "Emad, Tania"]
[Black "Belliard Alonzo, Luis Manuel"]
[Result "0-1"]
[WhiteElo "1941"]
[BlackElo "2156"]
[PlyCount "92"]
[EventDate "2012.08.30"]
[EventType "swiss"]
[EventRounds "9"]
[EventCountry "TUR"]
[SourceTitle "CBM 150 Extra"]
[Source "ChessBase"]
[SourceDate "2012.10.19"]
[SourceVersion "1"]
[SourceVersionDate "2012.10.19"]
[SourceQuality "1"]

1. Nf3 c5 2. b3 d5 3. Bb2 Nc6 4. e3 a6 5. d4 Nf6 6. Nbd2 Bg4 7. Be2 e6 8. 0-0 Rc8 9. dxc5 Bxc5 10. c4 0-0 11. Rc1 Bd6 12. c5 Bb8 13. Nd4 Bxe2 14. Qxe2 Ne7 15. N4f3 Ng6 16. Rfd1 Qe7 17. b4 e5 18. a3 Qe6 19. Nf1 Ne4 20. Ng3 f5 21. Rc2 f4 22. Nxe4 dxe4 23. Nd2 Kh8 24. Nxe4 f3 25. Qc4 Qf5 26. Nd6 Bxd6 27. Rxd6 fxg2 28. Rcd2 Qg5 29. f4 Nxf4 30. exf4 Rxf4 31. Rxg2 Qxg2+ 32. Kxg2 Rxc4 33. Bxe5 Re4 34. Bg3 Rce8 35. Rd7 R4e7 36. Rd3 h6 37. Kf3 Rf7+ 38. Kg2 Re4 39. Rd8+ Kh7 40. Rd3 g5 41. Rc3 h5 42. Bd6 Re2+ 43. Kg3 Kg6 44. Rd3 h4+ 45. Kh3 Kh5 46. Rd5 Rf3+ 0-1

[Event "Philadelphia int op 9th"]
[Site "Philadelphia"]
[Date "2012.07.01"]
[Round "6"]
[White "Wheeler, Cameron"]
[Black "Belliard Alonzo, Luis Manuel"]
[Result "1-0"]
[WhiteElo "2066"]
[BlackElo "2170"]
[PlyCount "95"]
[EventDate "2012.06.29"]
[EventType "swiss"]
[EventRounds "9"]
[EventCountry "USA"]
[SourceTitle "CBM 149 Extra"]
[Source "ChessBase"]
[SourceDate "2012.08.24"]
[SourceVersion "1"]
[SourceVersionDate "2012.08.24"]
[SourceQuality "1"]

1. c4 c5 2. g3 g6 3. Bg2 Bg7 4. Nc3 Nc6 5. Nf3 d6 6. 0-0 Bd7 7. d3 a6 8. Bd2 Rb8 9. a4 Nf6 10. Nd5 0-0 11. Bc3 e6 12. Nxf6+ Bxf6 13. Qd2 b5 14. axb5 axb5 15. b3 e5 16. h4 Bg7 17. Ng5 h6 18. Ne4 Qe7 19. Ra6 Rfc8 20. f4 f5 21. Nf2 Nd4 22. fxe5 Bxe5 23. Bxd4 cxd4 24. Qxh6 Qg7 25. Bd5+ Kf8 26. Qxg7+ Bxg7 27. Rxd6 Be8 28. Ne4 Rd8 29. Rxd8 Rxd8 30. g4 bxc4 31. bxc4 Bd7 32. Nc5 Bc8 33. gxf5 gxf5 34. Be6 Ke7 35. Bxf5 Kd6 36. Ne4+ Ke5 37. Bxc8 Rxc8 38. Kg2 Rh8 39. Kg3 Rg8 40. Kg4 Ke6 41. Ng5+ Kd6 42. Rf5 Re8 43. Rd5+ Kc6 44. Ne4 Re6 45. Kf5 Rh6 46. Kg5 Re6 47. h5 Kb6 48. Rd6+ 1-0

[Event "Philadelphia op"]
[Site "Philadelphia"]
[Date "2011.04.23"]
[Round "7"]
[White "Kiewra, Keaton F"]
[Black "Belliard Alonzo, Luis Manuel"]
[Result "0-1"]
[WhiteElo "2380"]
[BlackElo "2212"]
[PlyCount "72"]
[EventDate "2011.04.20"]
[EventType "swiss"]
[EventRounds "9"]
[EventCountry "USA"]
[SourceTitle "CBM 141 Extra"]
[Source "ChessBase"]
[SourceDate "2011.05.03"]
[SourceVersion "1"]
[SourceVersionDate "2011.05.03"]
[SourceQuality "1"]

1. e4 d6 2. d4 Nf6 3. Nc3 g6 4. Bc4 Bg7 5. Qe2 e5 6. dxe5 dxe5 7. Nf3 Qe7 8. Bg5 c6 9. 0-0-0 h6 10. Bh4 0-0 11. h3 b5 12. Bb3 a5 13. a4 b4 14. Nb1 Nbd7 15. Nbd2 Nc5 16. Kb1 g5 17. Bg3 Nfd7 18. h4 g4 19. Nh2 Nf6 20. f3 h5 21. Nc4 Be6 22. Qe3 Nxb3 23. cxb3 Bxc4 24. bxc4 b3 25. Rd3 Rab8 26. Rxb3 Nd7 27. Rd1 Nc5 28. Rxb8 Rxb8 29. Qg5 f6 30. Qxh5 Nxa4 31. Rd2 Qb4 32. Be1 Nc3+ 33. Kc1 Qa4 34. b4 Qa1+ 35. Kc2 Qb1+ 36. Kxc3 axb4# 0-1

[Event "Wch Seniors 20th"]
[Site "Arco"]
[Date "2010.10.29"]
[Round "4"]
[White "Belliard Alonzo, Luis Manuel"]
[Black "Gardi, Giuseppe"]
[Result "1-0"]
[WhiteElo "2218"]
[BlackElo "2032"]
[PlyCount "57"]
[EventDate "2010.10.26"]
[EventType "swiss"]
[EventRounds "11"]
[EventCountry "ITA"]
[SourceTitle "EXT 2011"]
[Source "ChessBase"]
[SourceDate "2010.11.26"]
[SourceVersion "1"]
[SourceVersionDate "2010.11.26"]
[SourceQuality "1"]

1. d4 g6 2. e4 Bg7 3. c3 d6 4. f4 d5 5. Nd2 dxe4 6. Nxe4 Nf6 7. Ng5 0-0 8. Bc4 Nd5 9. N1f3 f6 10. Ne4 Kh8 11. 0-0 Bf5 12. Qe1 c6 13. Nc5 Qc8 14. Nh4 Bg4 15. f5 Bh5 16. Ne6 Qd7 17. fxg6 Bxg6 18. Nxg6+ hxg6 19. Qh4+ Kg8 20. Nxf8 Kxf8 21. Qh7 Qg4 22. Bh6 Bxh6 23. Qxh6+ Ke8 24. Rae1 f5 25. h3 Qg3 26. Bxd5 cxd5 27. Re3 Qd6 28. Rfe1 Nd7 29. Re6 1-0

[Event "DOM-ch"]
[Site "Santo Domingo"]
[Date "2010.04.25"]
[Round "11"]
[White "Belliard Alonzo, Luis Manuel"]
[Black "Munoz Santana, Jose Lisandro"]
[Result "0-1"]
[WhiteElo "2220"]
[BlackElo "2358"]
[PlyCount "92"]
[EventDate "2010.04.09"]
[EventType "swiss"]
[EventRounds "11"]
[EventCountry "DOM"]
[SourceTitle "EXT 2012"]
[Source "ChessBase"]
[SourceDate "2011.11.24"]
[SourceVersion "1"]
[SourceVersionDate "2011.11.24"]
[SourceQuality "1"]

1. d4 Nf6 2. Nf3 e6 3. Bg5 h6 4. Bxf6 Qxf6 5. e4 d6 6. c3 g6 7. Nbd2 Bg7 8. Bb5+ Nd7 9. Qe2 0-0 10. 0-0 a6 11. Bd3 b6 12. Rfe1 Qe7 13. Nc4 Bb7 14. Rad1 Nf6 15. e5 Nd5 16. exd6 cxd6 17. Qd2 g5 18. h3 Nf4 19. Qe3 b5 20. Ncd2 Nxd3 21. Qxd3 f5 22. Nh2 h5 23. Qe2 Rf6 24. Qxh5 g4 25. hxg4 Rh6 26. Qxf5 Rxh2 27. Qxe6+ Qxe6 28. Rxe6 Rxg2+ 29. Kf1 Rf8 30. f3 Rxg4 31. Ke2 Rg2+ 32. Ke3 Rf6 33. Rxf6 Bxf6 34. Rf1 Bg5+ 35. f4 Rg3+ 36. Nf3 Bh4 37. Rg1 Rxg1 38. Nxg1 Kf7 39. Ne2 Bg2 40. b3 Bf1 41. c4 Bxe2 42. Kxe2 b4 43. Kd3 Ke6 44. Ke4 d5+ 45. Kd3 Be7 46. Ke3 Bd6 0-1

[Event "Philadelphia op"]
[Site "Philadelphia"]
[Date "2010.03.31"]
[Round "1"]
[White "Hess, Pavel"]
[Black "Belliard Alonzo, Luis Manuel"]
[Result "0-1"]
[WhiteElo "1897"]
[BlackElo "2245"]
[PlyCount "78"]
[EventDate "2010.03.31"]
[EventType "swiss"]
[EventRounds "9"]
[EventCountry "USA"]
[SourceTitle "CBM 135 Extra"]
[Source "ChessBase"]
[SourceDate "2010.05.04"]
[SourceVersion "1"]
[SourceVersionDate "2010.05.04"]
[SourceQuality "1"]

1. e4 c5 2. Nf3 d6 3. Bb5+ Nd7 4. c4 a6 5. Ba4 e6 6. Nc3 Ngf6 7. 0-0 Qc7 8. Re1 Be7 9. d3 0-0 10. Bg5 h6 11. Bh4 Ne5 12. Bc2 Bd7 13. Nd2 Nc6 14. Bg3 e5 15. Nf1 Nd4 16. Ne3 Be6 17. Rc1 b5 18. b3 b4 19. Ncd5 Nxd5 20. cxd5 Bd7 21. f4 f6 22. f5 a5 23. Bf2 a4 24. Nf1 axb3 25. Bxb3 Nxb3 26. axb3 Ra3 27. Re3 Qa7 28. Rg3 Rf7 29. Be3 Kf8 30. Qg4 Ke8 31. Qh5 Bf8 32. Nd2 Bb5 33. Bf2 Ra1 34. Qd1 Rxc1 35. Qxc1 Qa2 36. h4 Ra7 37. d4 Qa1 38. Nb1 exd4 39. Be1 Ra2 0-1

[Event "Dos Hermanas Internet qual-E 10th"]
[Site "ICC INT"]
[Date "2009.03.15"]
[Round "3"]
[White "Belliard Alonzo, Luis Manuel"]
[Black "Mogranzini, Roberto"]
[Result "0-1"]
[WhiteElo "2215"]
[BlackElo "2417"]
[PlyCount "98"]
[EventDate "2009.03.15"]
[EventType "swiss (blitz)"]
[EventRounds "12"]
[EventCountry "ESP"]
[SourceTitle "CBM 129 Extra"]
[Source "ChessBase"]
[SourceDate "2009.05.05"]
[SourceVersion "2"]
[SourceVersionDate "2009.05.20"]
[SourceQuality "1"]

1. d4 Nf6 2. Nf3 g6 3. c4 Bg7 4. Nc3 d6 5. e4 0-0 6. Be2 Bg4 7. Ng1 Bxe2 8. Ngxe2 Nfd7 9. Be3 c5 10. Qd2 cxd4 11. Nxd4 Nc6 12. 0-0 Rc8 13. b3 Nxd4 14. Bxd4 Bxd4 15. Qxd4 Qb6 16. Rfd1 Qxd4 17. Rxd4 Rfd8 18. f4 a6 19. Nd5 Kf8 20. Rd2 Nc5 21. Re1 e6 22. Nc3 Ke7 23. Nd1 f5 24. exf5 gxf5 25. Nc3 Rc6 26. Rde2 a5 27. Rd1 Kf6 28. Kf2 Kf7 29. Kf3 Nd7 30. h3 Nf6 31. g4 fxg4+ 32. hxg4 h6 33. g5 hxg5 34. fxg5 Nd7 35. Kg4 Ne5+ 36. Kg3 Kg6 37. Ne4 Nf7 38. Kg4 d5 39. cxd5 exd5 40. Nf6 d4 41. Ne4 d3 42. Rf2 Ne5+ 43. Kg3 Rd4 44. Nd2 Rc2 45. Rdf1 Rg4+ 46. Kh3 Rxg5 47. Rf6+ Kh5 48. R6f4 Rxd2 49. Rh4+ Kg6 0-1

[Event "North American op 18th"]
[Site "Las Vegas"]
[Date "2008.12.29"]
[Round "6"]
[White "Becerra Rivero, Julio"]
[Black "Belliard Alonzo, Luis Manuel"]
[Result "1-0"]
[WhiteElo "2602"]
[BlackElo "2207"]
[PlyCount "45"]
[EventDate "2008.12.26"]
[EventType "swiss"]
[EventRounds "7"]
[EventCountry "USA"]
[SourceTitle "CBM 127 Extra"]
[Source "ChessBase"]
[SourceDate "2009.01.08"]
[SourceVersion "2"]
[SourceVersionDate "2009.01.28"]
[SourceQuality "1"]

1. e4 c5 2. Nf3 d6 3. d4 cxd4 4. Nxd4 Nf6 5. Nc3 a6 6. Bg5 e6 7. f4 Nbd7 8. Bc4 Qa5 9. Qe2 h6 10. Bxf6 Nxf6 11. 0-0-0 Qh5 12. Qe1 Bd7 13. f5 e5 14. Nf3 g5 15. Nd5 Nxd5 16. Bxd5 g4 17. Nd2 Rb8 18. f6 Qg5 19. Rf1 Be6 20. Kb1 h5 21. Nc4 Bxd5 22. Rxd5 b5 23. Nxe5 1-0

[Event "North American op 18th"]
[Site "Las Vegas"]
[Date "2008.12.28"]
[Round "4"]
[White "Belliard Alonzo, Luis Manuel"]
[Black "Jones, Craig W"]
[Result "1-0"]
[WhiteElo "2215"]
[BlackElo "2283"]
[PlyCount "45"]
[EventDate "2008.12.26"]
[EventType "swiss"]
[EventRounds "7"]
[EventCountry "USA"]
[SourceTitle "CBM 127 Extra"]
[Source "ChessBase"]
[SourceDate "2009.01.08"]
[SourceVersion "2"]
[SourceVersionDate "2009.01.28"]
[SourceQuality "1"]

1. d4 e6 2. Nf3 d5 3. c4 Nf6 4. Nc3 Be7 5. Bg5 0-0 6. Qc2 h6 7. Bxf6 Bxf6 8. e4 c5 9. e5 Be7 10. dxc5 d4 11. Ne4 Nc6 12. a3 Bxc5 13. 0-0-0 b6 14. Qd2 Qc7 15. Nf6+ gxf6 16. exf6 Bd6 17. g3 Bf4 18. gxf4 Qd8 19. Ne5 Na5 20. Qb4 Bb7 21. Rg1+ Kh8 22. Qe7 Be4 23. Bd3 1-0

[Event "New England Masters"]
[Site "Pawtucket"]
[Date "2008.08.15"]
[Round "7"]
[White "Yanayt, Eugene"]
[Black "Belliard Alonzo, Luis Manuel"]
[Result "1/2-1/2"]
[WhiteElo "2254"]
[BlackElo "2226"]
[PlyCount "112"]
[EventDate "2008.08.11"]
[EventType "swiss"]
[EventRounds "9"]
[EventCountry "USA"]
[SourceTitle "CBM 125 Extra"]
[Source "ChessBase"]
[SourceDate "2008.09.01"]
[SourceVersion "1"]
[SourceVersionDate "2008.09.01"]
[SourceQuality "1"]

1. d4 d5 2. c4 e6 3. Nc3 Nf6 4. cxd5 exd5 5. Bg5 c6 6. e3 Nbd7 7. Bd3 h6 8. Bh4 Be7 9. Nge2 0-0 10. Qc2 Ne8 11. Bxe7 Qxe7 12. 0-0 Nd6 13. Ng3 Nf6 14. Rae1 h5 15. f3 h4 16. Nf5 Nxf5 17. Bxf5 g6 18. Bxc8 Raxc8 19. e4 Qd7 20. e5 Nh5 21. f4 Ng7 22. Nd1 Nf5 23. Qd3 c5 24. dxc5 Rxc5 25. Ne3 Rfc8 26. b4 Nxe3 27. bxc5 Nxf1 28. Rxf1 Rxc5 29. f5 gxf5 30. h3 Rc6 31. Rxf5 Rg6 32. Rh5 Qe6 33. Kh2 Kg7 34. Qd4 b6 35. Qxh4 Rh6 36. Qg3+ Kf8 37. Qa3+ Kg7 38. Qg3+ Kf8 39. Rg5 Rg6 40. Rxg6 fxg6 41. Qf4+ Kg7 42. g4 d4 43. Kg1 d3 44. Kf1 Qf7 45. Qxf7+ Kxf7 46. h4 Ke6 47. Kf2 Kxe5 48. Ke3 d2 49. Kxd2 Kf4 50. h5 gxh5 51. gxh5 Kg5 52. Kd3 Kxh5 53. Kc4 a6 54. Kd5 Kg5 55. Kc6 b5 56. Kb6 b4 1/2-1/2

[Event "New England Masters"]
[Site "Pawtucket"]
[Date "2008.08.12"]
[Round "3"]
[White "Haessel, Dale R"]
[Black "Belliard Alonzo, Luis Manuel"]
[Result "0-1"]
[WhiteElo "2149"]
[BlackElo "2226"]
[PlyCount "92"]
[EventDate "2008.08.11"]
[EventType "swiss"]
[EventRounds "9"]
[EventCountry "USA"]
[SourceTitle "CBM 125 Extra"]
[Source "ChessBase"]
[SourceDate "2008.09.01"]
[SourceVersion "1"]
[SourceVersionDate "2008.09.01"]
[SourceQuality "1"]

1. d4 Nf6 2. c4 c5 3. d5 e6 4. Nc3 exd5 5. cxd5 d6 6. Nf3 a6 7. a4 Be7 8. g3 0-0 9. Bg2 Nbd7 10. 0-0 Rb8 11. a5 Ne8 12. Nd2 Nc7 13. Nc4 Nb5 14. Bf4 Nf6 15. e4 Re8 16. Qb3 Nh5 17. Be3 Bd7 18. Rfe1 Nf6 19. Rad1 Ng4 20. Bf4 g5 21. Bc1 Bf6 22. h3 Ne5 23. Nxe5 Bxe5 24. Nxb5 axb5 25. Qe3 Bf6 26. f4 gxf4 27. gxf4 Kh8 28. Qa3 b4 29. Qf3 Rg8 30. e5 Bh4 31. Re3 Qe7 32. Qe4 Ra8 33. b3 f5 34. Qd3 dxe5 35. Bb2 Bf6 36. fxe5 Bg7 37. Rd2 f4 38. Ree2 Rxa5 39. e6 Bb5 40. Qf5 Bxe2 41. d6 Qh4 42. Rxe2 Bxb2 43. Rxb2 Qe1+ 44. Kh2 Qg3+ 45. Kg1 Ra1+ 46. Rb1 Qxg2# 0-1

[Event "Foxwoods op 10th"]
[Site "Ledyard"]
[Date "2008.03.22"]
[Round "7"]
[White "Belliard Alonzo, Luis Manuel"]
[Black "Molner, Mackenzie"]
[Result "1/2-1/2"]
[WhiteElo "2219"]
[BlackElo "2333"]
[PlyCount "43"]
[EventDate "2008.03.19"]
[EventType "swiss"]
[EventRounds "9"]
[EventCountry "USA"]
[SourceTitle "CBM 123 Extra"]
[Source "ChessBase"]
[SourceDate "2008.05.06"]
[SourceVersion "1"]
[SourceVersionDate "2008.05.06"]
[SourceQuality "1"]

1. d4 Nf6 2. Nf3 c5 3. e3 g6 4. Nbd2 cxd4 5. exd4 Bg7 6. Bd3 0-0 7. 0-0 Nc6 8. Re1 d5 9. c3 Bf5 10. Nf1 Bxd3 11. Qxd3 a6 12. Bf4 b5 13. Ne5 Nxe5 14. Bxe5 Qb6 15. Ne3 e6 16. a4 Rfc8 17. axb5 Qxb5 18. Qxb5 axb5 19. Nc2 Ne4 20. Bxg7 Kxg7 21. Red1 Nd6 22. Nb4 1/2-1/2